000 00557nam a2200181Ia 4500
003 LK-CoDNM
008 010623t1997 xxu||||| |||| 00| 1 sin d
040 _aLK-CoDNM
_dLK-CoDNM
_eLK-CoDNM
041 _asin
080 _a(x)342 DLW
100 _aDaluwatte,Chandrasena
245 _aශ්‍රි ලංකාවේ නීති පුද්ගලයා පිළිබඳව
246 _aSri Lankawe Neethi : Pudgalaya Pilibandawa
260 _bS.Godage Saha Sahodarayo
_aColombo
_c1997
300 _bp.276, 21 cm
650 _aLaw
942 _cBK
999 _c118477
_d118477